[Event "Olympiad w"]
[Site "Bled SLO"]
[Date "2002.11.07"]
[Round "12"]
[White "Calzetta,M"]
[Black "Petrenko,S"]
[Result "0-1"]
[WhiteElo "2239"]
[BlackElo "2349"]

1.e4 c5 2.Nf3 d6 3.d4 cxd4 4.Nxd4 Nf6 5.Nc3 a6 6.Be3 e5 7.Nb3 Be6 8.Qd2 Be7
9.f4 Ng4 10.f5 Bxb3 11.axb3 Nxe3 12.Qxe3 Nc6 13.Nd5 Nd4 14.Bd3 Rc8 15.Qf2 Bg5
16.O-O O-O 17.b4 Nc6 18.Kh1 Kh8 19.b5 axb5 20.Bxb5 Nd4 21.Bd3 f6 22.Ra7 Rb8
23.Rfa1 Qe8 24.R7a3 Qh5 25.c3 Nc6 26.Be2 Qf7 27.Qf3 Rfd8 28.Bc4 b5 29.Bb3 Qb7
30.Qh5 Ra8 31.h4 Rxa3 32.Rxa3 Bc1 33.Qd1 b4 34.Nxb4 Nxb4 35.Qxc1 Nd3 36.Qe3 Nc5
37.Bd5 Qxb2 38.Ra7 Qb8 39.Ra2 Qb1+ 40.Kh2 Qd1 41.Qg3 Qh5 42.Ra7 Qh6 43.Qe1 Nd3
44.Qg3 Nf4 45.Bf7 Ne2 46.Qe1 Qf4+ 47.g3 Qf3 48.c4 Nd4 49.Ra2 Qb3 50.Qa5 Rb8
51.Qa3 Qd1 52.Qb2 Rxb2+  0-1

[Event "Olympiad w"]
[Site "Bled SLO"]
[Date "2002.11.08"]
[Round "13"]
[White "Ptacnikova,L"]
[Black "Jelica,M"]
[Result "0-1"]
[WhiteElo "2224"]
[BlackElo "2189"]

1.e4 c5 2.Nf3 d6 3.d4 cxd4 4.Nxd4 Nf6 5.Nc3 a6 6.Be3 e5 7.Nb3 Be7 8.f3 Be6
9.Qd2 Nbd7 10.g4 Qc7 11.g5 Nh5 12.O-O-O O-O 13.Qf2 b5 14.Kb1 Rfb8 15.Qh4 g6
16.Bh3 b4 17.Ne2 Bxh3 18.Qxh3 a5 19.f4 a4 20.Nbc1 a3 21.b3 Rc8 22.Rd2 exf4
23.Nxf4 Nxf4 24.Bxf4 Nc5 25.Re1 Ne6 26.Ne2 Ra5 27.Qd3 Nxf4 28.Nxf4 Bxg5 29.Nd5 Rxd5
30.exd5 Bxd2 31.Qxd2 Qb6 32.Qf4 Qc5 33.Qd2 h5 34.Re4 Qg1+ 35.Re1 Qg4 36.Qf2 Kg7
37.Rf1 Rc7 38.Qf6+ Kh7 39.Qxd6 Qd4 40.Qf6 Qxd5 41.Qf4 Qc5 42.c4 bxc3 43.Kc2 Qd5
44.Rf2 Rd7 45.Qf3 Qd4 46.h3 Kg8 47.Rg2 Re7 48.Qa8+ Kg7 49.Qf3 Re3  0-1

[Event "Olympiad"]
[Site "Bled SLO"]
[Date "2002.11.10"]
[Round "14"]
[White "Georgiev,Ves"]
[Black "Jones,Ri"]
[Result "1-0"]
[WhiteElo "2310"]
[BlackElo "2063"]

1.e4 c5 2.Nf3 d6 3.d4 cxd4 4.Nxd4 Nf6 5.Nc3 a6 6.Be3 e6 7.f3 b5 8.Qd2 Nbd7
9.g4 h6 10.O-O-O Bb7 11.h4 b4 12.Nce2 Qa5 13.Kb1 d5 14.Bh3 dxe4 15.g5 exf3
16.Ng3 Nd5 17.Nxe6 fxe6 18.Bxe6 Ne5 19.Rhe1 Be7 20.Bd4 Nc4 21.Qd3 Qc7 22.Nf5  1-0

[Event "FSGM Nov"]
[Site "Budapest HUN"]
[Date "2002.11.11"]
[Round "10"]
[White "Szieberth,A"]
[Black "Szeberenyi,A"]
[Result "0-1"]
[WhiteElo "2371"]
[BlackElo "2367"]

1.e4 c5 2.Nf3 d6 3.d4 cxd4 4.Nxd4 Nf6 5.Nc3 a6 6.Be3 e5 7.Nb3 Be6 8.f4 exf4
9.Bxf4 Nc6 10.Qd2 d5 11.O-O-O Nxe4 12.Nxe4 dxe4 13.Qe3 Qf6 14.Nd2 Bc5 15.Qxc5 Qxf4
16.Kb1 Rd8 17.Bxa6 Rxd2 18.Bxb7 Nd8 19.Rxd2 Qxd2 20.Bxe4 f6 21.a4 Kf7 22.a5 Re8
23.Bf3 Qd7 24.Rd1 Qc8 25.Qb5 Bf5 26.Bd5+ Ne6 27.Bb3 Kg6 28.g4 Bxg4 29.Rg1 Ng5
30.h4 Re5 31.Qd3+ Ne4 32.a6 f5 33.a7 Qb7 34.Qd4 Re7 35.Bd5 Nc3+ 36.Qxc3 Qxd5
37.Qb4 Kf7 38.Qb8 Bf3 39.h5 Qd4 40.Rf1 Rb7 41.Qg8+ Kxg8 42.a8=Q+ Kf7 43.Qa2+ Bd5
44.Rxf5+ Ke6 45.Rxd5 Qxd5 46.Qa6+ Kf7 47.b3 Re7 48.Qf1+ Kg8 49.Qh3 Re1+ 50.Kb2 Qe5+
51.c3 Re2+  0-1

[Event "ch-CRO"]
[Site "Zagreb CRO"]
[Date "2002.11.29"]
[Round "6"]
[White "Jurkovic,A"]
[Black "Bender,I"]
[Result "0-1"]
[WhiteElo "2340"]
[BlackElo "2252"]

1.e4 c5 2.Nf3 d6 3.d4 cxd4 4.Nxd4 Nf6 5.Nc3 a6 6.Be3 Ng4 7.Bc1 Nf6 8.Bc4 e6
9.Bb3 b5 10.Bg5 Be7 11.Qe2 O-O 12.O-O-O Nfd7 13.h4 Nc5 14.Kb1 Bb7 15.a3 Nxb3
16.cxb3 b4 17.axb4 Nc6 18.Nc2 Rb8 19.Qd2 f6 20.Bf4 Qc8 21.Rh3 Ba8 22.Bxd6 Bxd6
23.Qxd6 Rd8 24.Qc5 Rxd1+ 25.Nxd1 Qd7 26.Nc3 Qd2 27.Rh1 Qd7 28.Rd1 Qe8 29.f3 Rd8
30.Rxd8 Qxd8 31.Qc4 Kf7 32.Qxa6 Ne5 33.Qa7+ Kg6 34.Nd4 Qd6 35.Qc5 Qd7 36.b5 Nd3
37.Qc4 Ne5 38.Qa4 Bb7 39.Kc2 f5 40.exf5+ exf5 41.Qa7 Be4+  0-1

[Event "ch-POL sf"]
[Site "Lubniewice POL"]
[Date "2002.11.30"]
[Round "1"]
[White "Liwak,P"]
[Black "Mazurkiewicz,M"]
[Result "1-0"]
[WhiteElo "2296"]
[BlackElo "2097"]

1.e4 c5 2.Nf3 d6 3.d4 cxd4 4.Nxd4 Nf6 5.Nc3 a6 6.Be3 e5 7.Nb3 Be6 8.f3 Be7
9.Qd2 O-O 10.O-O-O b5 11.g4 b4 12.Nd5 Bxd5 13.exd5 a5 14.Kb1 Qc7 15.g5 Nfd7
16.h4 Nb6 17.h5 N8d7 18.Bb5 Nc4 19.Bxc4 Qxc4 20.Rdg1 Qb5 21.g6 Bf6 22.gxh7+ Kh8
23.Bg5 Qb6 24.Bxf6 Nxf6 25.Qg5 Ne8 26.h6 g6 27.Qe7  1-0

[Event "ch-POL sf"]
[Site "Lubniewice POL"]
[Date "2002.12.01"]
[Round "2"]
[White "Stypka,Z"]
[Black "Zarychta,K"]
[Result "0-1"]
[WhiteElo "2047"]
[BlackElo "2222"]

1.e4 c5 2.Nf3 d6 3.d4 Nf6 4.Nc3 cxd4 5.Nxd4 a6 6.Be3 e5 7.Nb3 Be6 8.f3 Be7
9.Qd2 O-O 10.O-O-O Nbd7 11.g4 Qc7 12.h4 Rfc8 13.h5 d5 14.exd5 Nxd5 15.Nxd5 Bxd5
16.Be2 a5 17.Kb1 a4 18.Nc1 Be6 19.g5 a3 20.Nb3 axb2 21.Kxb2 Bb4 22.Qd3 Bc3+
23.Kb1 Bxb3 24.cxb3 Rxa2 25.Qc4 Rb2+ 26.Kc1 Ra8 27.Qa4 Rxa4 28.bxa4 Bd4+
29.Bc4 Qxc4+  0-1

[Event "ch-POL sf"]
[Site "Lubniewice POL"]
[Date "2002.12.02"]
[Round "3"]
[White "Owczarzak,J"]
[Black "Jakubowski,K"]
[Result "1/2-1/2"]
[WhiteElo "2318"]
[BlackElo "2473"]

1.e4 c5 2.Nf3 d6 3.d4 cxd4 4.Nxd4 Nf6 5.Nc3 a6 6.Be3 e5 7.Nb3 Be6 8.f3 Be7
9.Qd2 Nbd7 10.g4 Rc8 11.O-O-O b5 12.g5 Nh5 13.Kb1 Nb6 14.Na5 O-O 15.h4 Ng3
16.Rg1 Nxf1 17.Rgxf1 Na4 18.Nxa4 bxa4 19.f4 exf4 20.Rxf4 Qc7 21.Bd4 a3 22.bxa3 d5
23.exd5 Bxd5 24.Bb2 Rfd8 25.Rd4 Be4 26.Rc1 Bf8 27.Nb3 Rxd4 28.Nxd4 a5 29.Ka1 a4
30.c4 Qg3 31.Nb5 Qd3 32.Qc3 Rc5 33.Nd4 g6 34.Nb5 Qxc3 35.Rxc3 h5 36.Rc1 Bd3
37.Bd4 Rxc4 38.Rxc4 Bxc4 39.Nc3 Bd6 40.Bf2 Be5 41.Be1 f6 42.gxf6 Kf7 43.Kb1 Kxf6
44.Nxa4 Kf5 45.Nb2 Be2 46.Kc2 Kg4 47.Nd3 Bg3 48.Bxg3 Kxg3 49.Ne5 Bg4 50.Nxg4 hxg4
51.a4 Kxh4 52.a5 g3 53.a6 g2 54.a7 g1=Q 55.a8=Q Qc5+  1/2-1/2

[Event "ch-POL w sf"]
[Site "Lubniewice POL"]
[Date "2002.12.03"]
[Round "4"]
[White "Hermanowicz,D"]
[Black "Magnucka,M"]
[Result "1/2-1/2"]
[WhiteElo "2116"]
[BlackElo "2072"]

1.e4 c5 2.Nf3 d6 3.d4 cxd4 4.Nxd4 Nf6 5.Nc3 a6 6.Be3 Ng4 7.Bg5 h6 8.Bh4 g5
9.Bg3 Bg7 10.Be2 h5 11.Bxg4 Bxg4 12.f3 Bd7 13.Bf2 Nc6 14.Qd2 Ne5 15.b3 Qa5
16.Nd5 Qxd2+ 17.Kxd2 Rc8 18.Rad1 e6 19.Nb6 Rc7 20.Nxd7 Rxd7 21.Ke2 d5 22.exd5 exd5
23.Nf5 Bf6 24.Bc5 Kd8 25.Ne3 Re8 26.Rxd5 Rxd5 27.Nxd5 Nd7+ 28.Kf2 Be5 29.Be3 Rg8
30.Rd1 Ke8 31.g3 h4 32.c4 hxg3+ 33.hxg3 g4 34.fxg4 Rxg4 35.Bf4 Bxf4 36.gxf4 Rh4
37.Kg3 Rh8 38.Re1+ Kd8 39.Re7 Rg8+ 40.Kf3 Rg7 41.b4 b6 42.a4 a5 43.bxa5 bxa5
44.Re1 Nc5 45.Nc3 Rh7 46.Re5 Nd7 47.Re3 Rh1 48.Ke4 Ra1 49.Rd3 Ke8 50.Kd4  1/2-1/2

[Event "ch-POL sf"]
[Site "Lubniewice POL"]
[Date "2002.12.03"]
[Round "4"]
[White "Szoen,D"]
[Black "Lagowski,P"]
[Result "0-1"]
[WhiteElo "2262"]
[BlackElo "2350"]

1.e4 c5 2.Nf3 d6 3.d4 cxd4 4.Nxd4 Nf6 5.Nc3 a6 6.Be3 e5 7.Nb3 Be7 8.f3 Be6
9.Qd2 O-O 10.O-O-O Nbd7 11.g4 Qc7 12.Kb1 b5 13.h4 b4 14.Nd5 Bxd5 15.exd5 a5
16.g5 Nh5 17.Bh3 Nb6 18.Qe1 a4 19.Nc1 Nc4 20.Bg4 Nxe3 21.Qxe3 Nf4 22.Ne2 Nxe2
23.Qxe2 a3 24.c4 axb2 25.Rh2 Rfb8 26.Qxb2  0-1

[Event "ch-POL sf"]
[Site "Lubniewice POL"]
[Date "2002.12.05"]
[Round "6"]
[White "Jakubowski,K"]
[Black "Czakon,J"]
[Result "1-0"]
[WhiteElo "2473"]
[BlackElo "2365"]

1.e4 c5 2.Nf3 d6 3.d4 cxd4 4.Nxd4 Nf6 5.Nc3 a6 6.Be3 Ng4 7.Bc1 Nf6 8.Be2 e6
9.Be3 Qc7 10.a3 Nc6 11.f4 Be7 12.g4 Nd7 13.h4 b5 14.g5 Bb7 15.f5 Nxd4 16.Qxd4 Ne5
17.Rf1 Rc8 18.O-O-O Qa5 19.Bd2 Qc7 20.fxe6 fxe6 21.Bh5+ g6 22.Bg4 Qd7 23.Bh3 Rc4
24.Qe3 Qc8 25.Kb1 b4 26.Nd5 bxa3 27.Qxa3 Rxe4 28.Nxe7 Kxe7 29.Bb4 Nc4 30.Bxd6+ Ke8
31.Qc3 Rg8 32.Qf6 Kd7 33.Be5+  1-0

[Event "ch-POL sf"]
[Site "Lubniewice POL"]
[Date "2002.12.06"]
[Round "7"]
[White "Nurkiewicz,M"]
[Black "Bobras,P"]
[Result "1/2-1/2"]
[WhiteElo "2364"]
[BlackElo "2441"]

1.e4 c5 2.Nf3 d6 3.d4 cxd4 4.Nxd4 Nf6 5.Nc3 a6 6.Be3 e5 7.Nb3 Be6 8.f3 Nbd7
9.g4 b5 10.g5 b4 11.Nd5 Nxd5 12.exd5 Bf5 13.Bd3 Bxd3 14.Qxd3 Be7 15.h4 O-O
16.O-O-O a5 17.Nd2 f5 18.gxf6 Nxf6 19.h5 Qc7 20.Rdg1 Kh8 21.Bg5 a4 22.Bxf6 Rxf6
23.Rg4 b3 24.axb3 axb3 25.Nxb3 Rf4 26.Rhg1 Rxg4 27.Rxg4 h6 28.f4 exf4 29.Rxg7 Kxg7
30.Qg6+ Kf8 31.Qxh6+ Ke8 32.Qg6+ Kf8 33.Qh6+  1/2-1/2

[Event "ch-POL sf"]
[Site "Lubniewice POL"]
[Date "2002.12.07"]
[Round "8"]
[White "Szoen,D"]
[Black "Gasik,Ad"]
[Result "1-0"]
[WhiteElo "2262"]
[BlackElo "1943"]

1.e4 c5 2.Nc3 a6 3.Nge2 d6 4.d4 cxd4 5.Nxd4 Nf6 6.Be3 e5 7.Nb3 Be6 8.f3 d5
9.exd5 Nxd5 10.Nxd5 Qxd5 11.Qxd5 Bxd5 12.O-O-O Bxb3 13.axb3 Be7 14.Bc4 Nc6
15.Bb6 Bd8 16.Bxd8 Rxd8 17.Rxd8+ Nxd8 18.Re1 Nc6 19.Bd5 f6 20.Bxc6+ bxc6
21.Kd2 Kd7 22.Ra1 Ra8 23.Kc3 Kc7 24.Kc4 Kb6 25.Rd1 Ra7 26.Rd8 Rb7 27.h4 h6
28.h5 Kc7 29.Rg8 Kb6 30.c3 Rd7 31.b4 Rb7 32.Kd3 Rd7+ 33.Ke3 Kc7 34.Ke4 Kb6
35.g4 c5 36.bxc5+ Kxc5 37.b3 Kb5 38.Rc8 a5 39.Ke3 Ra7 40.Kd3 a4 41.bxa4+ Rxa4
42.Rc7 Rf4 43.Ke3 Ra4 44.Rxg7 Rc4 45.Rg6 Rxc3+ 46.Kf2 f5 47.gxf5 Rc4 48.Re6 Rh4
49.Rxe5+ Kc6 50.Ke3 Rxh5 51.Ke4 Rh4+ 52.f4 Rg4 53.f6 Rg8 54.Kf5 h5 55.f7  1-0

[Event "ch-POL sf"]
[Site "Lubniewice POL"]
[Date "2002.12.07"]
[Round "8"]
[White "Owczarzak,J"]
[Black "Zarychta,K"]
[Result "1-0"]
[WhiteElo "2318"]
[BlackElo "2222"]

1.e4 c5 2.Nf3 d6 3.d4 Nf6 4.Nc3 cxd4 5.Nxd4 a6 6.Be3 e5 7.Nb3 Be6 8.f3 Be7
9.Qd2 O-O 10.O-O-O Nbd7 11.g4 Qc7 12.g5 Nh5 13.Kb1 Rfc8 14.Qf2 b5 15.Rg1 Rcb8
16.Nd5 Bxd5 17.exd5 a5 18.Nd2 Nb6 19.Ne4 Nc4 20.Bc1 a4 21.Qh4 g6 22.Nf6+ Bxf6
23.gxf6 Kh8 24.Rg5 a3 25.Rxh5 gxh5 26.Bd3 Rg8 27.Bxh7 axb2 28.Qxh5  1-0

[Event "FSIMB Dec"]
[Site "Budapest HUN"]
[Date "2002.12.09"]
[Round "3"]
[White "Varadi,V"]
[Black "Gerard,N"]
[Result "1/2-1/2"]
[WhiteElo "2338"]
[BlackElo "2254"]

1.e4 c5 2.Nf3 d6 3.d4 cxd4 4.Nxd4 Nf6 5.Nc3 a6 6.Be3 e5 7.Nb3 Be6 8.Qd2 Be7
9.f3 h5 10.Nd5 Bxd5 11.exd5 Nbd7 12.Na5 Qc7 13.c4 b6 14.Nc6 Nb8 15.Nxe7 Kxe7
16.Be2 Nbd7 17.O-O a5 18.b3 h4 19.f4 Rae8 20.fxe5 Nxe5 21.Qd4 Ned7 22.Bd3 Kd8
23.Rae1 Re5 24.Bf4 h3 25.g3 Kc8 26.Bxe5 Nxe5 27.Bf5+ Kb7 28.Re3 Qe7 29.Kh1 g6
30.Bc2 Nfd7 31.a3 f5 32.b4 axb4 33.axb4 Ra8 34.Bb3 Kc7 35.Ra1 Rxa1+ 36.Qxa1 Qg5
37.Qd4 Ng4 38.Re1 Nge5 39.Ba4 Qh5 40.Qd1 Qg5 41.Bxd7 Nxd7 42.Qd4 Qh5 43.Qf4 Qh8
44.Qd2 Qa8 45.Qb2 Qf8 46.Ra1 Qb8 47.Qg7 Qb7 48.b5 Qb8 49.Qe7 g5 50.Qxg5 Qe8
51.Qd2 Qe4+ 52.Kg1 Ne5 53.Rf1 Nf3+ 54.Rxf3 Qxf3 55.Qc2 Qe3+ 56.Kf1 Qf3+ 57.Kg1 Qe3+
58.Kf1  1/2-1/2

[Event "FSGM Dec"]
[Site "Budapest HUN"]
[Date "2002.12.15"]
[Round "9"]
[White "Anka,E"]
[Black "Szeberenyi,A"]
[Result "0-1"]
[WhiteElo "2462"]
[BlackElo "2367"]

1.e4 c5 2.Nf3 d6 3.d4 cxd4 4.Nxd4 Nf6 5.Nc3 a6 6.Be3 e5 7.Nb3 Be6 8.Qd2 Nbd7
9.f4 exf4 10.Bxf4 Ne5 11.O-O-O Be7 12.Nd4 O-O 13.Nf5 Bxf5 14.exf5 Qc8 15.Bd3 b5
16.Kb1 Rb8 17.Ka1 b4 18.Ne4 Nxe4 19.Bxe4 Nc4 20.Qd3 Bf6 21.Bc1 Qc5 22.g4 Rfc8
23.g5 Be5 24.g6 Na3 25.gxf7+ Kf8 26.Qh3 Nxc2+ 27.Bxc2 Qxc2 28.Qxh7 Kxf7 29.Rhe1 Rb5
30.Qg6+ Kf8 31.Qg1 Ra5 32.Rxe5 Rxa2+ 33.Kxa2 Qa4+ 34.Kb1 b3  0-1

[Event "Christmas Open"]
[Site "Zadar CRO"]
[Date "2002.12.22"]
[Round "9"]
[White "Jurkovic,A"]
[Black "Zufic,M"]
[Result "0-1"]
[WhiteElo "2340"]
[BlackElo "2321"]

1.e4 c5 2.Nf3 d6 3.d4 cxd4 4.Nxd4 Nf6 5.Nc3 a6 6.Be3 e5 7.Nb3 Be6 8.f4 exf4
9.Bxf4 Nc6 10.Qd2 Ne5 11.O-O-O Qc7 12.Bg5 Be7 13.Bxf6 Bxf6 14.Qxd6 Qxd6 15.Rxd6 Ng4
16.Bd3 Rc8 17.Nd5 Be5 18.Rxe6+ fxe6 19.Nb6 Rc7 20.Be2 Ne3 21.c3 Nxg2 22.Nc4 Bf4+
23.Kb1 g5 24.Nd4 Ke7 25.h3 h5 26.Na5 Kf6 27.a4 e5 28.Nf5 Ne3 29.Nxe3 Bxe3
30.Nc4 Bf4 31.Nb6 Kg6 32.Rd1 g4 33.hxg4 h4 34.Rd6+ Kg5 35.Nd5 Rf7 36.Nb4 h3
37.Rd1 h2 38.Bf3 Be3 39.Bh1 Rhf8 40.Nd5 Rf1  0-1

[Event "Cerrado CEMAR A"]
[Site "Mondariz ESP"]
[Date "2002.12.23"]
[Round "9"]
[White "Reinaldo Castineira,R"]
[Black "Movsziszian,K"]
[Result "1/2-1/2"]
[WhiteElo "2412"]
[BlackElo "2528"]

1.e4 c5 2.Nf3 d6 3.d4 cxd4 4.Nxd4 Nf6 5.Nc3 a6 6.Be3 e5 7.Nb3 Be6 8.f3 Nbd7
9.g4 Be7 10.Qd2 O-O 11.O-O-O b5 12.g5 Nh5 13.Kb1 Qc7 14.h4 b4 15.Nd5 Bxd5
16.exd5 a5 17.Bb5 Ng3 18.Rdg1 a4 19.Nc1 Nh5 20.Rd1  1/2-1/2

[Event "35th Open"]
[Site "Trinec CZE"]
[Date "2002.12.30"]
[Round "4"]
[White "Zawadzki,S"]
[Black "Anka,E"]
[Result "0-1"]
[WhiteElo "2378"]
[BlackElo "2462"]

1.e4 c5 2.Nf3 d6 3.d4 cxd4 4.Nxd4 Nf6 5.Nc3 a6 6.Be3 e5 7.Nb3 Be6 8.f3 Be7
9.Qd2 O-O 10.O-O-O Qc7 11.Qf2 Nbd7 12.Kb1 b5 13.g4 Rfb8 14.g5 Nh5 15.Nd5 Bxd5
16.exd5 a5 17.Bh3 g6 18.Nd2 Nb6 19.Ne4 Nc4 20.Bc1 b4 21.Bg4 f5 22.gxf6 Nxf6
23.Rd3 Rf8 24.Qe2 Nxe4 25.Qxe4 Rf6 26.h4 Raf8 27.Be6+ Kg7 28.h5 Rf4 29.Qe2 g5
30.h6+ Kh8 31.c3 e4 32.fxe4 Rf2 33.Qe1 Ne5 34.Rd2 R2f4 35.Rc2 Nd3 36.Qg1 Nxc1
37.Qxc1 bxc3 38.Rxc3 Qb6 39.Bf5 Qd4 40.Rc7 Bf6 41.Rxh7+ Kg8 42.Rb7 Rf2 43.Rg1 Qd2
44.Qxd2 Rxd2 45.Rc1 Rh2 46.h7+ Kh8 47.a3 a4 48.Rc2 Rh1+ 49.Ka2 Ra8 50.Rbc7 Be5
51.Rc8+ Rxc8 52.Rxc8+ Kg7 53.Rc7+ Kf8 54.Rb7 Rh4 55.Rb4 g4 56.Rxa4 g3 57.Ra8+ Kf7
58.Rg8 Bg7 59.h8=Q Rxh8 60.Be6+ Kf6 61.Rxh8 g2 62.Rh4 g1=Q 63.Rf4+ Ke7 64.Rf7+ Ke8
65.Rb7 Qd4 66.Bf5 Qc4+ 67.Kb1 Be5 68.Bg6+ Kd8 69.Bf5 Qa6 70.Rb4 Ke7 71.Ka2 Kf6
72.Bd7 Kg5 73.Bb5 Qa5 74.Bd3 Kf4 75.Bb1 Qc5 76.Rb3 Bd4 77.Rd3 Qc4+ 78.Rb3 Qc1
79.Ka1 Bf6 80.Ka2 Bd4 81.Ka1 Qc4 82.Ka2 Be3 83.Bd3 Qd4 84.Bb1 Kf3 85.Bd3 Kf2
86.Bb1 Bf4 87.Rb4 Qc5 88.Bd3 Be5 89.Ba6 Ke1 90.Bb5 Kd2 91.Ba6 Qa5 92.Bf1 Qa7
93.Bb5 Bd4 94.Rb3 Kc1 95.Rb4 Qg7 96.Rc4+ Kd2 97.Ba4 Kd3 98.Bb3 Bxb2 99.Rb4 Bc3  0-1

[Event "35th Open"]
[Site "Trinec CZE"]
[Date "2003.01.02"]
[Round "7"]
[White "Anka,E"]
[Black "Lagowski,P"]
[Result "1/2-1/2"]
[WhiteElo "2462"]
[BlackElo "2350"]

1.e4 c5 2.Nf3 d6 3.d4 cxd4 4.Nxd4 Nf6 5.Nc3 a6 6.Be3 e5 7.Nb3 Be7 8.f3 Be6
9.Qd2 O-O 10.O-O-O Qc7 11.g4 Rc8 12.g5 Nh5 13.Nd5 Bxd5 14.exd5 a5 15.Kb1 Nd7
16.Bh3 a4 17.Nc1 Nf4 18.Bxf4 exf4 19.Rhg1 g6 20.a3 Bf8 21.Nd3 Bg7 22.Rge1 Re8
23.Bxd7 Qxd7 24.Qxf4 Rec8 25.Re4 Ra5 26.Nb4 Be5 27.Qd2 Rac5 28.f4 Bg7 29.Rde1 h6
30.Qd3 R5c7 31.h4 h5 32.Rf1 Qf5 33.Re2 Qg4 34.Qf3 Qf5 35.Qe4 Qd7 36.f5 gxf5
37.Qxf5 Qxf5 38.Rxf5 Rc4 39.Rh2 Re8 40.Nd3 Ree4 41.Rhf2 Rxh4 42.Rxf7 Rhg4
43.Rf1 Rxg5  1/2-1/2

[Event "9th Open"]
[Site "Bosnjaci CRO"]
[Date "2003.01.04"]
[Round "2"]
[White "Krstic,U"]
[Black "Krkljes,S"]
[Result "1-0"]
[WhiteElo "2404"]
[BlackElo "2132"]

1.e4 c5 2.Nf3 d6 3.d4 cxd4 4.Nxd4 Nf6 5.Nc3 a6 6.Be3 e5 7.Nb3 Be6 8.Qd2 Be7
9.f3 h5 10.O-O-O Nbd7 11.Kb1 Rc8 12.h3 b5 13.Bd3 Nb6 14.g4 Nc4 15.Bxc4 bxc4
16.Nc1 Qa5 17.g5 Nd7 18.a3 Nb8 19.Qf2 Qc7 20.f4 exf4 21.Bd4 O-O 22.Nd5 Bxd5
23.exd5 Nd7 24.Qxf4 Ne5 25.Rhg1 Rb8 26.Ne2 Rb5 27.Nc3 Rb7 28.Ne4 Ng6 29.Qf3 Rfb8
30.Kc1 h4 31.Nf6+ gxf6 32.gxf6 Bf8 33.Qh5 c3 34.Bxc3 Qc4 35.Rxg6+ fxg6 36.Qxg6+ Bg7
37.fxg7 Qf4+ 38.Kb1 Qg3  1-0

[Event "TCh-FIN 2002-3"]
[Site "Finland FIN"]
[Date "2003.01.11"]
[Round "6"]
[White "Kauppinen,M"]
[Black "Leino,J"]
[Result "0-1"]
[WhiteElo "2216"]
[BlackElo "2203"]

1.e4 c5 2.Nf3 d6 3.d4 cxd4 4.Nxd4 Nf6 5.Nc3 a6 6.Be3 e5 7.Nb3 Be7 8.f3 Be6
9.Qd2 O-O 10.Nd5 Bxd5 11.exd5 Nbd7 12.c4 Rc8 13.Na5 Qc7 14.Be2 Nh5 15.b4 f5
16.O-O f4 17.Bf2 Ndf6 18.g4 fxg3 19.hxg3 Qd7 20.Kg2 e4 21.f4 Ng4 22.Bd4 Nhf6
23.Rh1 Rce8 24.Rae1 Bd8 25.Nb3 Qf5 26.Bg1 Qd7 27.Nd4 e3 28.Qc2 Nf2 29.Rh2 N6e4
30.Ne6 Rxe6 31.dxe6 Qxe6 32.Bf3 Rxf4 33.Rxe3 Rxf3 34.Rxf3 Ng4 35.Rh5 g6 36.Rd5 Ng5
37.Rf4 Ne5 38.Rh4 Nef3 39.Rd1 Nxh4+ 40.Kf2 Nf5 41.Re1 Nh3+  0-1

[Event "Kaissa Open"]
[Site "Kharkov UKR"]
[Date "2003.01.25"]
[Round "5"]
[White "Ivanov,O UKR"]
[Black "Aveskulov,V"]
[Result "0-1"]
[WhiteElo "2474"]
[BlackElo "2386"]

1.e4 c5 2.Nf3 d6 3.d4 cxd4 4.Nxd4 Nf6 5.Nc3 a6 6.Be3 e5 7.Nb3 Be6 8.Qd2 Nbd7
9.f3 h5 10.a4 Rc8 11.a5 Qc7 12.Be2 Be7 13.O-O O-O 14.Kh1 Rfd8 15.Nc1 Nc5
16.Nd5 Nxd5 17.exd5 Bf5 18.b4 Nd7 19.c4 Bf6 20.Nb3 e4 21.Rac1 exf3 22.Bxf3 Bg6
23.c5 Ne5 24.Be2 Qe7 25.cxd6 Qxd6 26.Rxc8 Rxc8 27.Bc5 Qd7 28.d6 Qa4 29.Qd5 Qd7
30.Bb6 Rc6 31.Rd1 Bc2 32.Nc5 Rxc5 33.Bxc5 Bxd1 34.Qxd1 g6 35.Qd5 Bg7 36.h3 Qc8
37.Bg1 Bf6 38.b5 axb5 39.Bxb5 Nd7 40.Ba4 Kf8 41.Qf3 Be5 42.Bb3 Bf6 43.Qd5 Ne5
44.Bc5 Kg7  0-1

[Event "ch-EGY 3rd Stage"]
[Site "Cairo EGY"]
[Date "2003.01.26"]
[Round "2"]
[White "Frhat,A"]
[Black "Adly,A"]
[Result "0-1"]
[WhiteElo "2355"]
[BlackElo "2315"]

1.e4 c5 2.Nf3 d6 3.d4 Nf6 4.Nc3 cxd4 5.Nxd4 a6 6.Be3 Ng4 7.Bc1 Nf6 8.Be2 e6
9.O-O Be7 10.Be3 b5 11.Bf3 b4 12.Na4 Bb7 13.e5 Bxf3 14.Qxf3 Nd5 15.Nf5 O-O
16.Nxe7+ Qxe7 17.exd6 Qd8 18.a3 a5 19.c4 bxc3 20.bxc3 Nd7 21.Bd4 Qc8 22.Nb2 Ra6
23.Rac1 Qb8 24.c4 e5 25.Qxd5 exd4 26.Qxd4 Rxd6 27.Qc3 Nc5 28.Rcd1 Ne4 29.Qc2 Rh6
30.h3 Ng5 31.Rd3 f5 32.Rfd1 f4 33.Qd2 Rg6 34.h4 Ne6 35.h5 Rh6 36.Rd6 f3 37.Qd5 Qxb2
38.Rxe6 Rxe6 39.Qxe6+ Kh8 40.Qe7 Rg8 41.gxf3 Qb3 42.Rd8 Qxc4 43.Rxg8+ Qxg8
44.Qe5 h6 45.Qxa5 Qe8 46.Qc5 Qa4 47.Kg2 Qa8 48.Qb4 Qd5 49.Qb8+ Kh7 50.Qb1+ Kh8
51.Qg6 Qa5 52.Qe8+ Kh7 53.Qe4+ Kh8 54.Qe8+ Kh7 55.f4 Qxa3 56.Qg6+ Kh8 57.Qe8+ Kh7
58.Qg6+ Kh8 59.f5 Qa8+ 60.Kg3 Qb8+ 61.Kg4 Qa8 62.f3 Qc8 63.Qe6 Qd8 64.f6 gxf6
65.Kf5 Kg7 66.Qe4 Qa5+ 67.Ke6 Qb6+ 68.Kf5 Qb5+ 69.Ke6 Qe8+ 70.Kd6 Qxh5 71.f4 Qf7
72.Qg2+ Kh7 73.Qe4+ f5 74.Qf3 Qf6+ 75.Kd5 Kg6 76.Qg2+ Kf7 77.Qh1 Ke7 78.Qe1+ Kf7
79.Qh1 Qe6+ 80.Kc5 Qe3+ 81.Kd5 Qxf4 82.Qe1 Kf6 83.Qc3+ Kg5 84.Qg7+ Kh4 85.Qe7+ Kg4
86.Qg7+ Qg5 87.Qd7 Qd2+  0-1

[Event "Kaissa Open"]
[Site "Kharkov UKR"]
[Date "2003.01.29"]
[Round "8"]
[White "Stets,D"]
[Black "Aveskulov,V"]
[Result "0-1"]
[WhiteElo "2391"]
[BlackElo "2386"]

1.e4 c5 2.Nf3 d6 3.d4 cxd4 4.Nxd4 Nf6 5.Nc3 a6 6.Be3 e5 7.Nb3 Be6 8.Qd2 Nbd7
9.O-O-O Rc8 10.f3 h5 11.g3 Be7 12.Kb1 b5 13.h3 Qc7 14.Rh2 Nb6 15.Bxb6 Qxb6
16.Nd5 Nxd5 17.exd5 Bf5 18.Bd3 Bxd3 19.Qxd3 h4 20.g4 Rc4 21.c3 g6 22.Re2 O-O
23.Nd2 Rf4 24.Qe3 Qxe3 25.Rxe3 Kg7 26.Rg1 Bd8 27.Re4 Rxe4 28.fxe4 Kh6 29.Kc2 Kg5
30.Rf1 Kh6 31.Kd3 Bg5 32.Nf3 f5 33.gxf5 gxf5 34.exf5 Rxf5 35.Nh2 Rxf1 36.Nxf1 Bf4
37.b4 Kg5 38.c4 Kf5 39.c5 dxc5 40.bxc5 e4+  0-1

[Event "Kaissa Open"]
[Site "Kharkov UKR"]
[Date "2003.01.29"]
[Round "8"]
[White "Vinogradov,P"]
[Black "Karanda,K"]
[Result "0-1"]
[WhiteElo "2348"]
[BlackElo "2167"]

1.e4 c5 2.Nf3 d6 3.d4 cxd4 4.Nxd4 Nf6 5.Nc3 a6 6.Be3 e6 7.f3 b5 8.Qd2 Nbd7
9.g4 Nb6 10.Qf2 Nfd7 11.O-O-O Bb7 12.h4 Rc8 13.Kb1 Rxc3 14.bxc3 Na4 15.Bd2 Qc7
16.Qe3 d5 17.Nb3 Ba3 18.g5 Bb2 19.Be1 dxe4 20.fxe4 Ne5 21.Nc5 Nxc5 22.Kxb2 Bxe4
23.Rg1 O-O 24.Kb1 Nc4 25.Bxc4 bxc4 26.Rd4 Rb8+ 27.Kc1 Qb7 28.Kd2 Bxc2 29.Bg3 Bf5
30.Bxb8 Qxb8 31.Rxc4 Qb2+ 32.Ke1 Qb1+ 33.Kf2 Qxa2+ 34.Kg3 Qxc4 35.Qd4 Qxd4
36.cxd4 Nb3 37.Kf4 Kf8 38.d5 Ke7 39.Rg3 Nc5 40.dxe6 Bxe6  0-1

[Event "3rd IM"]
[Site "Griesheim GER"]
[Date "2003.01.31"]
[Round "3"]
[White "Jedryczka,K"]
[Black "Trichkov,V"]
[Result "1-0"]
[WhiteElo "2340"]
[BlackElo "2290"]

1.e4 c5 2.Nf3 d6 3.d4 Nf6 4.Nc3 cxd4 5.Nxd4 a6 6.Be3 e5 7.Nb3 Be6 8.Qd2 Nbd7
9.f3 b5 10.a4 b4 11.Nd5 Bxd5 12.exd5 Nb6 13.Bxb6 Qxb6 14.a5 Qb7 15.Bc4 Be7
16.Ra4 Rb8 17.Nc1 Bd8 18.b3 O-O 19.Na2 Nd7 20.Kd1 Rc8 21.Nxb4 Rxc4 22.bxc4 Nc5
23.Ra1 Bg5 24.Qxg5 Qxb4 25.Qd2 Qxc4 26.Rb1 Na4 27.Ke1 Nc3 28.Rb3 Rc8 29.Kf2 g6
30.Ra1 Nxd5 31.Rd3 Qc5+ 32.Kf1 Nb4 33.Rxd6 Nxc2 34.Rb1 Ne3+ 35.Ke2 Nf5 36.Rdb6 Nd4+
37.Kf1 Kg7 38.Qe3 Qxa5 39.f4 Nc6 40.f5 Nd4 41.f6+ Kg8 42.Rb8 Qd8 43.Qxe5 Nb5
44.Rxc8 Qxc8 45.Rd1 h6 46.Qe7 Qc4+ 47.Kg1 g5 48.Qe5 Qc7 49.Qe7 Qc4 50.h4 gxh4
51.Qe5 Qg4 52.Qe8+  1-0

[Event "National I"]
[Site "Montpellier FRA"]
[Date "2003.01.31"]
[Round "1"]
[White "Gallagher,Jo"]
[Black "Shchekachev,A"]
[Result "0-1"]
[WhiteElo "2526"]
[BlackElo "2572"]

1.e4 c5 2.Nf3 d6 3.Nc3 a6 4.d4 cxd4 5.Nxd4 Nf6 6.Be3 e5 7.Nb3 Be6 8.f3 Be7
9.Qd2 O-O 10.O-O-O Qc7 11.g4 Nbd7 12.g5 Nh5 13.Kb1 Rfb8 14.Nd5 Bxd5 15.exd5 Nf8
16.h4 Ng6 17.Bh3 Bf8 18.Bg4 Ngf4 19.Na5 g6 20.c4 Re8 21.Rh2 e4 22.Nb3 Bg7
23.c5 Nd3 24.Bxh5 gxh5 25.fxe4 Nxb2 26.Rc1 Na4 27.Bd4 Rxe4 28.Bxg7 Kxg7 29.c6 Rae8
30.Rf2 Kg8 31.Qa5 Qe7 32.Rfc2 Rxh4 33.c7 Rc8 34.Qe1 Re4 35.Qf2 Qe5 36.Qf3 Rxc7
37.Qf6 Rxc2 38.Rxc2 Re1+ 39.Nc1 Qxf6 40.gxf6 Nc5 41.Rg2+ Kf8 42.Rg7 Nd3 43.Kc2 Nxc1
44.Rxh7 Rg1 45.Rxh5 Nxa2 46.Rh8+ Rg8 47.Rh4 Rg2+ 48.Kb3 Ke8 49.Rh1  0-1

[Event "National I"]
[Site "Bischwiller FRA"]
[Date "2003.02.02"]
[Round "3"]
[White "Bellaiche,A"]
[Black "Georgiev,Ki"]
[Result "1/2-1/2"]
[WhiteElo "2427"]
[BlackElo "2654"]

1.e4 c5 2.Nf3 d6 3.d4 cxd4 4.Nxd4 Nf6 5.Nc3 a6 6.Be3 Ng4 7.Bg5 Nc6 8.Nxc6 bxc6
9.Be2 h6 10.Bf4 g5 11.Bg3 Ne5 12.Bxe5 dxe5 13.Qxd8+ Kxd8 14.O-O-O+ Kc7 15.Na4 h5
16.Rd3 a5 17.Rhd1 g4 18.Kb1 e6 19.h3 gxh3 20.Rxh3 h4 21.g3 Be7 22.gxh4 Rxh4
23.Rxh4 Bxh4 24.Rh1 Bxf2 25.Rf1 Be3 26.Rxf7+ Bd7 27.c4 Rh8 28.c5 Kd8 29.a3 Rh2
30.Bc4 Bd4 31.Rf8+ Be8 32.Bxe6 Ke7 33.Rg8 Bh5 34.Bb3 Be2 35.Rg3 Kf6 36.Nc3 Rh1+
37.Ka2 Bh5 38.Ba4 Bf7+ 39.Bb3 Bxb3+ 40.Kxb3 Bxc5 41.Rg8 Bd4 42.Rc8 c5 43.Ra8 Kg5
44.Rxa5 Kf4 45.Kc4 Bxc3 46.Kxc3 Kxe4 47.Rxc5 Kf4 48.b4 e4 49.a4 e3 50.Kd3 Rd1+
51.Ke2 Rd2+ 52.Ke1 Rb2 53.Rc8 Rxb4 54.Rf8+ Ke4 55.Re8+ Kd3 56.Rd8+  1/2-1/2